1307 1140 1063 1045 1473 1535 1205 1559 1628 1871 1159 1219 1601 1493 1598 1474 1422 1272 1401 1237 1287 1696 1345 1192 1554 1629 1389 1005 1159 1500 1487 1663 1589 1394 1252 1865 1403 1031 1816 1720 1286 1082 1197 1665 1586 1114 1139 1982 1712 1718 1005 1504 1142 1156 1758 1327 1225 1719 1496 1780 1549 1155 1672 1415 1512 1349 1715 1927 1387 1815 1958 1189 1551 1606 1292 1129 1281 1529 1421 1337 1077 1450 1538 1650 1458 1069 1606 1600 1166 1203 1592 1300 1617 1826 1775 1972 1849 1645 1799 BCNSPRNW ULIB Ver.6.0+V

เปลี่ยนเป็นภาษาไทย

Change to English
 แสดงรายละเอียดบรรณานุกรม
  กลับหน้าหลัก

Brief Record : Get Marc (ISO 2709) : E-mail record : QR code < ปิดหน้าต่าง
LEADER : 00000nam 2200000uu 4500
001    13399127224
003     ULIB
008    200227s2560||||th 000 0 tha d
020    ^a9786169313939
060  0 ^aWY157^bว435ก
100 0  ^aวันเพ็ญ รักษ์ปวงชน
245 10 ^aการจัดการเรียนการสอนเพื่อควบคุมการบริโภคยาสูบ :^bหมวดวิชาการพยาบาลมารดาทารกและการผดุงครรภ์ หมวดวิชาการพยาบาลจิตเวช /^cวันเพ็ญ รักษ์ปวงชน และคนอื่นๆ ; บรรณาธิการ, สุปาณี เสนาดิสัย, สุรินธร กลัมพากร
250    ^aพิมพ์ครั้งที่ 1
260    ^aกรุงเทพฯ :^bบริษัทเบญจพล จำกัด,^c2560.
300    ^a80 หน้า :^bภาพประกอบ ;^c26 ซม.
650  4 ^aการพยาบาลจิตเวชศาสตร์
650  4 ^aการพยาบาลสูติศาสตร์
650  4 ^aการศึกษาพยาบาล^xหลักสูตร
650  4 ^aการสูบบุหรี่^xการป้องกันและควบคุม
650  4 ^aพยาบาล, การศึกษา
700 0  ^aวันเพ็ญ รักษ์ปวงชน, ^eผู้เรียบเรียง
700 0  ^aกัลยา วิริยะ, ^eผู้เรียบเรียง
700 0  ^aพรศิริ พฤกษชาติ, ^eผู้เรียบเรียง
700 0  ^aนงนุช วิศิษฏ์ธรรมศรี, ^eผู้เรียบเรียง
700 0  ^aอารยา หาอุปละ, ^eผู้เรียบเรียง
700 0  ^aสุปาณี เสนาดิสัย, ^eบรรณาธิการ
700 0  ^aสุรินธร กลัมพากร, ^eบรรณาธิการ
710 2  ^aเครือข่ายพยาบาลเพื่อการควบคุมยาสูบแห่งประเทศไทย
945    ^p0^l0^i006398
999    ^aประนอม เกษจรัล
รายการนี้ยังไม่มีแท็ก
คุณยังไม่ได้ล็อกอิน คุณสามารถมีกิจกรรมร่วมกับเว็บไซต์ได้ แต่ต้องล็อกอินก่อน ::
  ล็อกอิน

รายการสื่อสารสนเทศ

ลำดับที่ ประเภท เลขเรียก/บาร์โค้ด สถานที่ สถานะ
1. Book การพยาบาล
หนังสือสำรอง
สถานะ=หนังสือสำรอง
WY157 ว435ก ฉ.1 
  Barcode: 006398
ห้องสมุดวิทยาเขตสวรรค์ประชารักษ์
►หนังสือทั่วไป
บนชั้น

รายการใกล้เคียง
    หัวเรื่อง [การพยาบาลจิตเวชศาสตร์]
    หัวเรื่อง [การพยาบาลสูติศาสตร์]
    หัวเรื่อง [พยาบาล, การศึกษา]

BibComment


ยังไม่เคยถูกคอมเมนท์

คอมเมนท์ทรัพยากรรายการนี้
  คอมเมนท์: การจัดการเรียนกา..


 Copyright 2026. Bcnsprnw @Library